000 00312nam a22001457a 4500
008 221012b ||||| |||| 00| 0 eng d
020 _a9780735626652
041 _aeng
080 _a004
082 _a004 BOTT
100 _a18
101 _aSHK
245 _aWINDOWS 7 INSIDE OUT
_cBOOT ED
942 _2udc
_cBK
999 _c58504
_d58504